| 000 | 00752nam a2200253 i 4500 | ||
|---|---|---|---|
| 001 | 69112 | ||
| 003 | ES-MaACL | ||
| 005 | 20240611121409.0 | ||
| 007 | t| | ||
| 008 | 040913s2004 sp a ||||1|dspa d | ||
| 020 | _a84-233-3603-4 | ||
| 080 | _a929.52 Borbón, Casa de (460)"19" | ||
| 100 | 1 |
_aSentís, Carlos. _9105483 |
|
| 245 | 1 | 0 |
_aSeis generaciones de Borbones y un cronista / _cCarlos Sentís. |
| 250 | _a1ª ed. | ||
| 260 |
_aBarcelona : _bDestino, _c2004. |
||
| 300 |
_a215 p. : _bil. ; _c25 cm. |
||
| 490 | 1 |
_aImago mundi ; _v46 |
|
| 600 | 3 | 4 |
_aBorbón, Casa de- _zEspaña- _yS.XX. _930354 |
| 830 | 0 | 0 |
_aImago mundi (Barcelona) ; _v46 _9236939 |
| 852 |
_aES-MaACL _jL-28047 |
||
| 942 | _2udc | ||
| 999 |
_c69112 _d69112 |
||